000 00201nam a22000977a 4500
003 SGT
100 _aPLKHIVALA N.A.
245 _aNAVI PLKHIVALA
260 _aNEW DELHI
_bUNIVERSAL LAW
942 _2ddc
_cCD
999 _c20070
_d20070